000 00736nam a2200253Ia 4500
003 OSt
005 20220918220829.0
006 a|||||r|||| 00| 0
007 ta
008 220917b |||||||| |||| 00| 0 eng d
024 _a147,147
037 _cTextual
040 _aARTS
_cARTS
_beng
041 _2eng
_aeng
082 _aY31:6.2315.N7, L7
100 _aHiramani A B
_9138349
245 0 _aSocialchange in rural India
_b A study of two village in Maharashtra
260 _aDelhi
_bB R Publishing Corporation
_c1977
300 _ax, 320p. tables, maps
_ccm.
500 _aBibliography p305-316
650 _aSOCIOLOGY
942 _hY31:6.2315.N7, L7
_cTEXL
_2CC
999 _c269901
_d269901